000 01089pam a2200301 a 4500
999 _c28544
_d28544
001 3332869
005 20170308155852.0
008 850725s1986 enk b 001 0 eng
010 _a 85018746
020 _a0192875388 (pbk.) :
_c$3.95 (U.S.)
020 _a0192875396 (hard) :
_c$13.95 (U.S.)
040 _aDLC
_cDLC
_dDLC
050 0 0 _aPR2976.G74 1986
_b.G74 1986
082 0 0 _219
100 1 _aGreer, Germaine,
_d1939-
245 1 0 _aShakespeare /
_cGermaine Greer.
260 _aOxford [Oxfordshire] ;
_aNew York :
_bOxford University Press,
_c1986.
300 _a136 p. ;
_c20 cm.
440 0 _aPast masters
490 0 _aOxford paperbacks
500 _aIncludes index.
504 _aBibliography: p. 128-132.
600 1 0 _aShakespeare, William,
_d1564-1616
_xCriticism and interpretation.
856 4 2 _3Publisher description
_uhttp://www.loc.gov/catdir/enhancements/fy0637/85018746-d.html
906 _a7
_bcbc
_corignew
_d1
_eocip
_f19
_gy-gencatlg
942 _2lcc
_cBOOKS
_hPR2976.G74 1986